Entry Nombre personal
001 - NÚMERO DE CONTROL
- campo de control: 95897
003 - IDENTIFICADOR DE NÚMERO DE CONTROL
- campo de control: OSt
005 - FECHA Y HORA DE LA ÚLTIMA TRANSACCIÓN
- campo de control: 20250910213837.0
008 - ELEMENTOS DE DATO DE LONGITUD-FIJA
- campo de control de longitud fija: 030926 n acnnnaaan n ann d
040 ## - FUENTE DE CATALOGACIÓN
- Centro catalogador/agencia de origen: OSt
- Centro/agencia transcriptor: OSt
100 1# - ENCABEZAMIENTO-NOMBRE DE PERSONA
- Nombre de persona: Reglá, Juan,
- Fechas asociadas al nombre: 1917-1973
400 1# - TRAZADO DE VÉASE--NOMBRE DE PERSONA
- Nombre de persona: Reglá, Joan (
- Fechas asociadas al nombre: 1917-1973)
400 1# - TRAZADO DE VÉASE--NOMBRE DE PERSONA
- Nombre de persona: Reglá, J. (
- Fechas asociadas al nombre: 1917-1973)
400 1# - TRAZADO DE VÉASE--NOMBRE DE PERSONA
- Nombre de persona: Regla Campistol, Joan (
- Fechas asociadas al nombre: 1917-1973)
400 1# - TRAZADO DE VÉASE--NOMBRE DE PERSONA
- Nombre de persona: Reglá Campistol, Juan (
- Fechas asociadas al nombre: 1917-1973)
400 1# - TRAZADO DE VÉASE--NOMBRE DE PERSONA
- Nombre de persona: Regla i Campistol, Joan (
- Fechas asociadas al nombre: 1917-1973)
400 1# - TRAZADO DE VÉASE--NOMBRE DE PERSONA
- Nombre de persona: Reglá y Campistol, Juan (
- Fechas asociadas al nombre: 1917-1973)
